000 00398nam a2200169Ia 4500
001 11443
003 IN-NITTTR
005 20251114233107.0
008 251113s9999||||xx |||||||||||||| ||eng||
040 _beng
040 _cIN-NITTTR
041 _aeng
082 _a696 H14P
100 _aHall, F.
245 0 _aPlumbing :
_b hot water supply and heating systems. /
_cHall, F.
942 _2ddc
_cBK
999 _c14079
_d14079